000 00219nam a2200097Ia 4500
008 240331s9999 xx 000 0 und d
082 _bSAT
100 _aSatchithananthan, S
245 0 _aVarumaiyin pPirappugal
942 _cL
999 _c2116
_d2116